01761cam a22003617a 4500003000500000005001700005008004100022010001000063011001000073035001000083040000900093082001500102100003000117245025900147260005400406300002600460490002100486590004100507590004200548650002200590830002900612901000700641942001000648949005900658949005900717949005900776949005900835999001700894952012200911952012201033952012201155952012201277CHAP20220329140016.0971013s1901 r 00010 d a45462 a46434 a50575 cCHAP a595.77bT400aTheobald, Fred V.911274812aA monograph of thñe culicidae on mosquitoes Mainly compiled from the collections received at the British Museum from various parts of the world in connection with the investigation into the cause of malarie conducted by the Colonial office and the Roya aLondon :bPrinted by order of the Trustees,c1901 a3 v. y col de láms. 0aXXXVII,A,B,C,D,E aBATCH-UPDb10c20130110lUCH01h2119 aCONVERSIONb10c20130109lUCH01h132514aMosquitos.9790270 aXXXVII,A,B,C,D,E9122916 aBK cLIBRO a595.77 T4bBCcBPPd-113606eBPPfv.1h27141i50575si a595.77 T4bBCcBPPd-113607eBPPfv.2h27142i50575si a595.77 T4bBCcBPPd-113608eBPPfv.3h27143i50575si a595.77 T4bBCcBPPd-113609eBPPfv.4h27144i50575si c45462d45462 00102ddc4051708FRaBCbBCd2019-12-31fLIBROl0o595.77 T4p-113606r2019-12-31 00:00:00tv.1w2019-12-31yLIBRO 00102ddc4051708FRaBCbBCd2019-12-31fLIBROl0o595.77 T4p-113607r2019-12-31 00:00:00tv.2w2019-12-31yLIBRO 00102ddc4051708FRaBCbBCd2019-12-31fLIBROl0o595.77 T4p-113608r2019-12-31 00:00:00tv.3w2019-12-31yLIBRO 00102ddc4051708FRaBCbBCd2019-12-31fLIBROl0o595.77 T4p-113609r2019-12-31 00:00:00tv.4w2019-12-31yLIBRO